| 000 | 00640nam a22002057a 4500 | ||
|---|---|---|---|
| 003 | OSt | ||
| 008 | 260303b2018 |||||||| |||| 00| 0 eng d | ||
| 020 | _a9781633694286 | ||
| 082 |
_a658.4033 _bHBR- |
||
| 245 |
_aHBR guide to data analytics basics for managers / _cHarvard Business Review |
||
| 260 |
_aBoston : _bHarvard Business Review, _c2018. |
||
| 300 | _ax, 231 p. ; | ||
| 650 | _aBusiness analytics | ||
| 650 | _aData analysis | ||
| 650 | _aDecision making - Statistical methods | ||
| 650 | _aManagement information systems | ||
| 650 | _aInformation technology - Management | ||
| 650 | _aManagers - Training | ||
| 942 |
_2ddc _cBK |
||
| 999 |
_c21540 _d21540 |
||